| 000 | 00845nam a2200217 a 4500 | ||
|---|---|---|---|
| 001 | 000026413 | ||
| 005 | 20200930030217.0 | ||
| 008 | 091019s1968 sp ab 001 0 spa d | ||
| 040 |
_aDO-SdBNP _bspa _cBNPHU |
||
| 082 |
_a910.133 _bG347u |
||
| 100 | 1 |
_aGeorge, Pierre _d1859-1891. _927274 |
|
| 245 | 1 | 0 |
_aLa unión soviética / _cPierre George ; traducido por J. Ortega Valcárcel. |
| 260 |
_aBilbao, (España) : _bEdiciones Moretón, _c1968. |
||
| 300 |
_a157 p. : _bil., mapas ; _c17 cm. |
||
| 490 | 1 |
_aPanorama de la geografía universal ; _aBiblioteca de divulgación cultural _v19 |
|
| 504 | _aIncluye notas al pie de las páginas. | ||
| 504 | _aBibliografías: p. 157- | ||
| 700 | 1 |
_aOrtega Valcárcel, José _etr. _953456 |
|
| 830 | 0 |
_aPanorama de la geografía universal ; _pBiblioteca de divulgación cultural _v19 _953457 |
|
| 049 | _aBNGR | ||
| 999 |
_c25905 _d25905 |
||